Rings with minimum condition

Salvato in:
Dettagli Bibliografici
Autori principali: Artin, Emil (Autore), Nesbitt, Cecil J (Autore), Thrall, Robert M (Autore)
Natura: Libro
Lingua:inglese
Pubblicazione: Ann Arbor University of Michigan 1944
Soggetti:
Tags: Aggiungi Tag
Nessun Tag, puoi essere il primo ad aggiungerne!!

MARC

LEADER 00000nam a2200000 a 4500
001 UCW1485
003 CL-VaPUC
008 920708e19440000US |||||||||||||||||eng|d
082 0 4 |a 512.4  |b ART  |2 21 
100 0 |a Artin, Emil  |e author  |9 305476 
700 0 |a Nesbitt, Cecil J  |e author  |9 305477 
700 0 |a Thrall, Robert M  |e author  |9 305478 
245 1 0 |a Rings with minimum condition 
300 |a 123 p 
942 |c BK 
945 |d 19920708 00:00:00 
260 |a Ann Arbor  |b University of Michigan  |c 1944 
650 0 |a Anillos   |x Álgebra   |9 270077 
583 |a last modification  |c 20120529 01:20:02  |k Rodrigo Vera 
999 |c 216371  |d 216369 
952 |0 0  |1 0  |4 0  |6 512_400000000000000_ART_1944  |7 0  |8 A  |9 202051  |a BIBMAT  |b BIBMAT  |d 2019-11-14  |i 2691949  |o 512.4 ART 1944  |p 2691949  |r 2025-01-07  |w 2019-11-14  |y BK  |k MAT